<?xml version="1.0" encoding="UTF-8"?>
<collection xmlns:xsi="http://www.w3.org/2001/XMLSchema-instance" xsi:schemaLocation="http://www.loc.gov/MARC21/slim http://www.loc.gov/standards/marcxml/schema/MARC21slim.xsd" xmlns="http://www.loc.gov/MARC21/slim">
 <record>
  <leader>00000ctm a22000003a 4500</leader>
  <controlfield tag="001">UP-99796217611830505</controlfield>
  <controlfield tag="003">Buklod</controlfield>
  <controlfield tag="005">20151014113904.0</controlfield>
  <controlfield tag="006">a     r    |||| u|</controlfield>
  <controlfield tag="007">ta</controlfield>
  <controlfield tag="008">151014s2015    xx     d     r    |||| u|</controlfield>
  <datafield tag="035" ind1=" " ind2=" ">
   <subfield code="a">(iLib)UPD-00249811486</subfield>
  </datafield>
  <datafield tag="040" ind1=" " ind2=" ">
   <subfield code="a">DCHE</subfield>
   <subfield code="e">rda</subfield>
  </datafield>
  <datafield tag="041" ind1=" " ind2=" ">
   <subfield code="a">eng</subfield>
  </datafield>
  <datafield tag="090" ind1=" " ind2=" ">
   <subfield code="a">LG 993.5 2015 F66</subfield>
   <subfield code="b">B356</subfield>
  </datafield>
  <datafield tag="100" ind1="1" ind2=" ">
   <subfield code="a">Ballesteros, Ma. Luisa P.</subfield>
   <subfield code="e">author</subfield>
  </datafield>
  <datafield tag="245" ind1="1" ind2="0">
   <subfield code="a">Inactivation of salmonella enterica serovars on different stainless steel surfaces using ultraviolet-c and atmospheric pressure plasma jet</subfield>
   <subfield code="c">Ma. Luisa P. Ballesteros ; Alonso A. Gabriel, adviser.</subfield>
  </datafield>
  <datafield tag="264" ind1=" " ind2="0">
   <subfield code="a">Quezon City</subfield>
   <subfield code="b">College of Home Economics, University of the Philippines</subfield>
   <subfield code="c">2015.</subfield>
  </datafield>
  <datafield tag="300" ind1=" " ind2=" ">
   <subfield code="a">xii, 123 leaves</subfield>
   <subfield code="e">1 CD ROM</subfield>
  </datafield>
  <datafield tag="336" ind1=" " ind2=" ">
   <subfield code="a">type</subfield>
   <subfield code="2">rdacontent</subfield>
  </datafield>
  <datafield tag="337" ind1=" " ind2=" ">
   <subfield code="a">unmediated</subfield>
   <subfield code="2">rdamedia</subfield>
  </datafield>
  <datafield tag="338" ind1=" " ind2=" ">
   <subfield code="a">volume</subfield>
   <subfield code="2">rdacarrier.</subfield>
  </datafield>
  <datafield tag="502" ind1=" " ind2=" ">
   <subfield code="a">Thesis (B.S. Food Technology)--University of the Philippines Diliman.</subfield>
  </datafield>
  <datafield tag="520" ind1="3" ind2=" ">
   <subfield code="a">This study aimed to evaluate the effectiveness of ultraviolet-C irradiation and atmospheric pressure plasma jet treatment as alternative methods for inactivation of Salmonella spp. on stainless steel surfaces used in food industry. Two types of stainless steel namely 304 and 316, were used as test surfaces with each type having three different finishes: 2B, Hair line (HL), and Mirror (MR) which were flooded with cocktail of Salmonella serovars in mid-stationary phase (17 h) and were allowed to adhere for 4 h. After adhesion, the stainless steel was drained, air-dried, and exposed to UV-C inactivation and atmospheric pressure plasma jet treatment. Survivors were then enumerated by swab-vortex method. Results showed that the test organism exhibited a biphasic UV-C inactivation composed of a fast log linear inactivation phase followed by a slower inactivation tail on all test surfaces. The D1 values calculated from the faster log linear inactivation phase ranged from 2.54 (316 2B and 316 HL) to 4.31 s (304 2B). The maximum population reduction calculated before the inactivation tail ranged from 3.32 (316 HL) to 4.97 log CFU/in^2 (304 MR). On the other hand, the test organism exhibited log linear inactivation in all surfaces treated with atmospheric plasma jet. The D values ranged from 2.66 (304 2B) to 3.43 s (316 MR). However, plasma treatment of metal surfaces resulted in abrupt increase in surface temperature (150 °C, 15 s), which could have significantly contributed to the observed inactivation. In addition, both the metal type and surface finish were observed not to affect the efficacies of UV-C inactivation and atmospheric pressure plasma jet treatment. The results obtained in the study demonstrated the potential of the tested physical treatments as alternatives to commonly used food contact surface chemical sanitation protocols. The observed limited efficacy of UV-C may be further enhanced by combining with other chemical disinfection treatments while atmospheric pressure plasma jet may be used solely as food surface disinfection.</subfield>
  </datafield>
  <datafield tag="650" ind1="1" ind2="7">
   <subfield code="a">Ultraviolet radiation</subfield>
   <subfield code="x">Industrial applications.</subfield>
  </datafield>
  <datafield tag="650" ind1="1" ind2="7">
   <subfield code="a">Irradiation.</subfield>
  </datafield>
  <datafield tag="700" ind1="1" ind2=" ">
   <subfield code="a">Gabriel, Alonzo A.</subfield>
   <subfield code="e">adviser.</subfield>
  </datafield>
  <datafield tag="856" ind1="4" ind2="0">
   <subfield code="z">Also available in UP Diliman Digital Archives</subfield>
   <subfield code="u">https://digitalarchives.upd.edu.ph/item/19331/971/vxOHDNIr6blLa1ePquw0cy8D</subfield>
  </datafield>
  <datafield tag="905" ind1=" " ind2=" ">
   <subfield code="a">FO</subfield>
  </datafield>
  <datafield tag="905" ind1=" " ind2=" ">
   <subfield code="a">UP</subfield>
  </datafield>
  <datafield tag="852" ind1="0" ind2=" ">
   <subfield code="a">UPD</subfield>
   <subfield code="b">DCHE</subfield>
   <subfield code="h">LG 993.5 2015 F66</subfield>
   <subfield code="i">B356</subfield>
  </datafield>
  <datafield tag="942" ind1=" " ind2=" ">
   <subfield code="a">Thesis</subfield>
  </datafield>
 </record>
</collection>
